000 00326nam a22001457a 4500
003 OSt
005 20160727222400.0
008 160623b xxu||||| |||| 00| 0 eng d
040 _cTest
100 _9675
_aDisney, A,
245 _aDisney today
260 _aDelhi Disney Today
_c1987
300 _aDisney today
942 _2ddc
_cBK
999 _c546
_d546